Geography Quiz

Random Geography or City Quiz

Connected US Cities Quiz Stats

 Plays Quiz not verified by Sporcle

Challenge
Share
Tweet
Embed
Score 0/22 Timer 06:00
0 Plays Today
% Correct
Atlanta, GA
72.6%
Chicago, IL
67.7%
Houston, TX
66.1%
Des Moines, IA
66.1%
Salt Lake City, UT
62.9%
Tampa, FL
62.9%
Los Angeles, CA
62.9%
New York, NY
61.3%
Boston, MA
61.3%
Cleveland, OH
61.3%
Indianapolis, IN
59.7%
% Correct
Albuquerque, NM
59.7%
Denver, CO
59.7%
Oklahoma City, OK
58.1%
Minneapolis, MN
56.5%
St. Louis, MO
56.5%
Philadelphia, PA
56.5%
Kansas City, MO
56.5%
Dallas, TX
54.8%
Portland, OR
54.8%
Sioux Falls, SD
51.6%
Louisville, KY
45.2%

You're not logged in!

Compare scores with friends on all Sporcle quizzes.
Join for Free
OR
Log In

You Might Also Like...

Show Comments

Extras

Top Quizzes Today


Score Distribution

Your Account Isn't Verified!

In order to create a playlist on Sporcle, you need to verify the email address you used during registration. Go to your Sporcle Settings to finish the process.

Report this User

Report this user for behavior that violates our Community Guidelines.

Details: